Statystyki dla Polskie miasta na literę "C"

Kliknij tutaj aby rozwiązać quiz!

Ogólne statystyki

  • Ten quiz został rozwiązany 897 razy
    (224 od ostatniego zresetowania)
  • Średni wynik to 12 z 46

Statystyki odpowiedzi

HintOdpowiedź% Poprawnych
208 300Częstochowa
93%
101 900Chorzów
72%
43 900Ciechanów
69%
61 100Chełm
67%
34 000Cieszyn
66%
10 300Ciechocinek
52%
39 600Chojnice
51%
31 000Czeladź
46%
36 100Chrzanów
44%
35 800Czechowice Dziedzice
44%
13 200Człuchów
44%
19 200Chełmno
43%
10 100Czarnków
38%
13 800Chełmża
32%
1 400Cedynia
31%
9 900Czersk
31%
6 700Czaplinek
29%
17 600Chodzież
28%
13 200Chojnów
27%
27 900Czerwionka Leszczyny
23%
15 000Choszczno
20%
4 400Ciechanowiec
19%
8 700Czarna Białostocka
16%
5 600Czarne
16%
4 300Chęciny
15%
6 000Choroszcz
13%
3 800Czarny Dunajec
12%
2 500Czyżew
12%
8 500Chełmek
10%
3 500Chmielnik
10%
7 300Chojna
10%
2 300Czchów
10%
1 800Cieszanów
9%
2 200Człopa
8%
1 600Chocz
7%
2 900Chorzele
7%
2 700Czarna Woda
7%
2 700Cybinka
6%
5 100Czempiń
6%
3 800Czerwieńsk
6%
1 000Czerwińsk Nad Wisłą
6%
7 400Chocianów
5%
2 500Ciężkowice
5%
2 600Czerniejewo
4%
2 300Cegłów
3%
3 000Chociwel
3%

Rozkład punktacji

Percentyl według liczby udzielonych odpowiedzi

Procent ludzi z każdym wynikiem

Twoja historia wyników

Nie rozwiązałeś tego quizu od ostatniego zresetowania